When I'm Gone - Eminem lyrics - Statistics

General Stats
  • This quiz has been taken 232 times
  • The average score is 693 of 907
Answer Stats
Lyrics % Correct
i
98%
I
98%
a
95%
When
95%
when
95%
you
95%
You
95%
an
93%
so
93%
So
93%
the
93%
The
93%
go
92%
hear
92%
no
92%
my
91%
ever
90%
on
90%
And
89%
and
89%
And
89%
for
89%
do
88%
don't
88%
gone
88%
Have
88%
I'm
88%
know
88%
love
88%
your
87%
give
86%
it
86%
It
86%
me
86%
Me
86%
not
86%
of
86%
that
86%
to
86%
who
86%
be
84%
her
84%
just
84%
Just
84%
much
84%
Dad
83%
dad
83%
in
83%
look
83%
loved
83%
arm
82%
baby
82%
Baby
82%
carry
82%
it's
82%
It's
82%
someone
82%
voice
82%
pain
81%
sound
81%
But
80%
but
80%
Daddy
80%
Then
80%
where
80%
are
79%
is
79%
this
79%
can
78%
down
78%
expression
78%
feel
78%
literally
78%
looking
78%
Mommy
78%
she
78%
She
78%
smile
78%
they
78%
They
78%
what
78%
What
78%
Yeah
78%
yeah
78%
swing
77%
you'd
77%
by
76%
life
76%
one
76%
One
76%
can't
75%
smiling
75%
got
74%
ain't
73%
back
73%
did
73%
everytime
73%
made
73%
Now
73%
now
73%
out
73%
Rejoice
73%
rejoice
73%
want
73%
cry
71%
how
71%
How
71%
more
71%
play
71%
right
71%
say
71%
song
71%
there
71%
time
71%
try
71%
turn
71%
tell
70%
Tell
70%
too
70%
You're
70%
you're
70%
around
69%
at
69%
busy
69%
Daddy's
69%
find
69%
get
69%
leaving
69%
sing
69%
thing
69%
were
69%
we're
69%
would
69%
yourself
69%
itself
68%
keep
68%
leave
68%
their
68%
will
68%
word
68%
write
68%
all
67%
'em
67%
em
67%
harm
67%
last
67%
mourn
67%
plane
67%
stand
67%
take
67%
turns
67%
always
66%
dream
66%
gonna
66%
happens
66%
than
66%
why
66%
Why
66%
catch
65%
gotta
65%
I'll
65%
late
65%
screaming
65%
see
65%
Shady
65%
source
65%
up
65%
us
65%
writing
65%
anyone
64%
crying
64%
destroy
64%
main
64%
show
64%
That's
64%
become
63%
choice
63%
coin
63%
put
63%
Put
63%
sad
63%
says
63%
Sweden
63%
they're
63%
They're
63%
tonight
63%
where's
63%
as
62%
heart
62%
Number
62%
please
62%
underdog
62%
bleeding
61%
'cause
61%
everything
61%
lied
61%
mine
61%
mother
61%
with
61%
door
60%
image
60%
karma
60%
lying
60%
own
60%
chance
59%
crazy
59%
guess
59%
name
59%
pushing
59%
wanted
59%
words
59%
wrists
59%
bites
58%
boxes
58%
didn't
58%
front
58%
mirror
58%
She's
58%
stage
58%
told
58%
who's
58%
hands
57%
singing
57%
Slim
57%
wait
57%
block
56%
crowd
56%
dad's
56%
followed
56%
going
56%
help
56%
making
56%
must
56%
Shady's
56%
spitting
56%
standing
56%
stop
56%
walls
56%
armour
55%
having
55%
man
55%
bet
54%
could
54%
curtain
54%
Fine
54%
Hallie
54%
real
54%
talking
54%
These
54%
Marshall
53%
picture
53%
pill
53%
point
53%
saying
53%
seeing
53%
sleep
53%
believe
52%
Die
52%
fucking
52%
keeps
52%
about
51%
You've
51%
bedroom
50%
feet
50%
gun
50%
loud
50%
piling
50%
rockaby
50%
safe
50%
walk
50%
bought
49%
coming
49%
glance
49%
necklace
49%
another
48%
locket
48%
rap
48%
spotlight
48%
roses
47%
tiny
47%
tryna
47%
wanna
47%
weren't
47%
wonder
47%
before
46%
bow
46%
closing
46%
if
46%
pocket
46%
spite
46%
thank
46%
wake
46%
couldn't
44%
Goes
44%
pulls
44%
sister
44%
throwing
44%
was
44%
kiss
42%
little
42%
Kim
41%
miss
41%
people
41%
closes
40%
outside
40%
applause
39%
ashes
39%
crashes
39%
seat
39%
supposed
39%
swinging
39%
cock
38%
jumping
38%
thousand
38%
birds
37%
brain
37%
burns
37%
ground
37%
This'll
37%
spring
36%
flashes
35%
winks
35%
pop
34%
smiles
34%
Sixty
33%
there's
32%
Almost
31%
alarm
29%
sky
29%
ringing
27%
clock's
24%
darkens
22%
Hallie's
22%
No matching quizzes found
Score Distribution
Percent of People with Each Score
Percentile by Number Answered
Your Score History
You have not taken this quiz